| 000 | 00617nam a2200241 a 4500 | ||
|---|---|---|---|
| 003 | AR-BaBNM | ||
| 005 | 20251128210848.0 | ||
| 008 | 082120s2002 ||||||||||||||000 | spa|| | ||
| 020 | _a84-8306-386-7 | ||
| 040 | _cAR-BaBNM | ||
| 100 | 1 | _aNaipaul, V.S. | |
| 245 | 0 | 0 | _aLa pérdida de el dorado |
| 260 |
_aMadrid _bDebate _c2001 |
||
| 300 |
_a407 p. _bmapas |
||
| 650 | 4 | _aCONQUISTA DE AMERICA | |
| 650 | 4 | _aHISTORIA LATINOAMERICANA | |
| 650 | 4 | _aLITERATURA LATINOAMERICANA | |
| 650 | 4 | _aCOSTUMBRES Y TRADICIONES | |
| 650 | 4 | _aPERIODO HISPANICO | |
| 655 | _aLITERATURA | ||
| 942 | _cBK | ||
| 998 | _cMariana | ||
| 999 |
_c17207 _d17207 |
||